000 00647cab a2200229 4500
001 ABS51157
008 090401t1994 xxu||||| |||| 00| 0 eng d
035 _a(Sirsi) u13236
041 _aeng
100 _aGarner, R.
245 _aBack to basics or back to the future?
260 _c1994
350 _a0
490 _aIRRV Journal
_vJuly 1994, 166(1)
520 _aA response to Peter Brown`s article `Back to basics` (Abs49069) on investment methods of valuation.
650 _aCOMPARATIVE METHOD
650 _aINVESTMENT METHOD
650 _aVALUATION METHODS
690 _aRATING AND VALUATION
942 _n0
948 _c04/03/1997
999 _c8523
_d8523